000 00654nam a2200241 a 4500
003 AR-BaBNM
005 20251128202909.0
008 082120s2002 ||||||||||||||000 | spa||
040 _cAR-BaBNM
100 1 _aNeil de Hatton, Esther
245 0 0 _aLos días de José Arce
_buna vida consagrada al bien
260 _aBuenos Aires
_bAmorrortu
_c1966
300 _a139 p.
650 4 _aBIOGRAFIAS
650 4 _aHISTORIA DE LA MEDICINA
650 4 _aHISTORIA DE LAS CIENCIAS
650 4 _aHISTORIA DE LA SALUD PUBLICA
651 4 _aArgentina
655 _aBIOGRAFIAS
700 1 _aBinayán, Narciso
_eprologuista
942 _cBK
998 _cEnrique
999 _c1098
_d1098